[Event "PRO League Pacific 2017"]
[Site "chess.com INT"]
[Date "2017.02.01"]
[Round "4"]
[White "Vovk, Andriy"]
[Black "Stopa, Jacek"]
[Result "1/2-1/2"]
[WhiteTitle "GM"]
[BlackTitle "GM"]
[WhiteElo "2633"]
[BlackElo "2479"]
[WhiteTeam "Philadelphia Inventors"]
[BlackTeam "Las Vegas Desert Rats"]
[WhiteFideId "14114470"]
[BlackFideId "1119591"]
[EventDate "2017.01.11"]

1. e4 d6 2. d4 Nf6 3. Nc3 e5 4. Nf3 Nbd7 5. Bc4 Be7 6. O-O O-O 7. a4 c6 8. a5
Rb8 9. Qe2 b5 10. axb6 axb6 11. d5 b5 12. dxc6 bxc4 13. cxd7 Bxd7 14. Qxc4 Qb6
15. b3 Rfc8 16. Qd3 h6 17. Bb2 Bb5 18. Nxb5 Qxb5 19. Rfc1 Qxd3 20. cxd3 Rxc1+
21. Rxc1 Rxb3 22. Bc3 d5 23. Bxe5 Rxd3 24. Ne1 Rd2 25. Bc3 Re2 26. e5 Ne4 27.
Bd4 f6 28. Kf1 Ra2 29. Rc2 Rxc2 30. Nxc2 fxe5 31. Bxe5 Bc5 32. f3 Nd2+ 33. Ke2
Nc4 34. Bd4 Bd6 35. g3 Kf7 36. Kd3 1/2-1/2

[Event "PRO League Pacific 2017"]
[Site "chess.com INT"]
[Date "2017.02.01"]
[Round "4"]
[White "Liou, Yian"]
[Black "He, Daniel Ming"]
[Result "1-0"]
[WhiteTitle "IM"]
[WhiteElo "2414"]
[BlackElo "2178"]
[WhiteTeam "San Francisco Mechanics"]
[BlackTeam "Seattle Sluggers"]
[WhiteFideId "2039583"]
[BlackFideId "2084570"]
[EventDate "2017.01.11"]

1. e4 c5 2. Nf3 a6 3. Nc3 e6 4. d4 cxd4 5. Nxd4 Qc7 6. Bd3 Nc6 7. Nxc6 dxc6 8.
O-O Nf6 9. Bg5 Be7 10. a4 e5 11. Bc4 Bg4 12. Qc1 O-O 13. h3 Be6 14. Bxe6 fxe6
15. Qe3 Bb4 16. Ne2 Qe7 17. Ng3 h6 18. Bxf6 Rxf6 19. Kh2 Bc5 20. Qe2 Raf8 21. f3
Rg6 22. Rfd1 Qg5 23. Nf1 Rf4 24. Rd3 Rh4 25. g3 Rf4 26. Rad1 Rf8 27. c3 h5 28.
b4 Ba7 29. h4 Qh6 30. Rd8 Rf6 31. Kg2 Rxd8 32. Rxd8+ Rf8 33. Rd7 Rf7 34. Qd1 Qf6
35. Rd8+ Kh7 36. a5 b6 37. axb6 Bxb6 38. Rd6 Rc7 39. Qb3 Rf7 40. Qd1 Rc7 41. Rd7
a5 42. Rxc7 Bxc7 43. Qd7 Qd8 44. Qxe6 axb4 45. cxb4 Qd6 46. Qf5+ g6 47. Qf7+ Kh6
48. Qg8 Qd7 49. Qh8+ Qh7 50. Qxh7+ Kxh7 51. Ne3 Kg7 52. Kf1 Kf6 53. Ke2 g5 54.
hxg5+ Kxg5 55. Nc2 Bb6 56. Na3 Bd4 57. b5 cxb5 58. Nxb5 Bc5 59. Nc3 h4 60. gxh4+
Kxh4 61. Nd5 Kg5 62. Kd3 Kg6 63. Kc4 Bf2 64. Nb4 Kf6 65. Nd3 Bg3 66. Kd5 Bh2 67.
Nf2 Bg3 68. Ng4+ Kg5 69. Nxe5 Kf4 70. Ke6 Ke3 71. Kf5 Kd4 72. Ng4 Bc7 73. e5 Kd5
74. Nf6+ Kc6 75. Ke6 Kc5 76. f4 Kd4 77. Nd7 Ke4 78. f5 1-0

[Event "PRO League Group Stage"]
[Site "chess.com INT"]
[Date "2017.02.11"]
[Round "5"]
[White "Balleisen, Aaron S"]
[Black "Bommini, Mounika Akshaya"]
[Result "1-0"]
[BlackTitle "WFM"]
[WhiteElo "2127"]
[BlackElo "1700"]
[WhiteTeam "Carolina Cobras"]
[BlackTeam "Amaravati Yodhas"]
[WhiteFideId "2087073"]
[BlackFideId "25019872"]
[EventDate "2017.01.11"]

1. c4 e5 2. g3 Nf6 3. Bg2 Nc6 4. Nc3 Bb4 5. Nd5 Bc5 6. Nf3 O-O 7. O-O h6 8. e3
d6 9. d4 Bb6 10. Nxb6 axb6 11. d5 Ne7 12. b3 b5 13. Nd2 Bd7 14. e4 Ra6 15. Qe2
Qa8 16. a3 bxc4 17. Nxc4 Rb8 18. f4 exf4 19. Bb2 Nh7 20. e5 Nf5 21. Rxf4 Re8 22.
Raf1 Qc8 23. Be4 g6 24. e6 fxe6 25. Qg4 Ng5 26. dxe6 Bxe6 27. Bxf5 Bxf5 28. Rxf5
gxf5 29. Rxf5 Re1+ 30. Kf2 Qe8 31. Rxg5+ hxg5 32. Qxg5+ Kf7 33. Qf6+ Kg8 34.
Qg7# 1-0

[Event "PRO League Group Stage"]
[Site "chess.com INT"]
[Date "2017.02.11"]
[Round "5"]
[White "Fishbein, Alexander"]
[Black "Van Delft, Merijn"]
[Result "1/2-1/2"]
[WhiteTitle "GM"]
[BlackTitle "IM"]
[WhiteElo "2481"]
[BlackElo "2373"]
[WhiteTeam "New Jersey Knockouts"]
[BlackTeam "Apeldoorn Apes"]
[WhiteFideId "2000377"]
[BlackFideId "1004670"]
[EventDate "2017.01.11"]

1. Nf3 d5 2. g3 c6 3. Bg2 Nf6 4. O-O Bf5 5. c4 e6 6. d3 h6 7. Qb3 Qb6 8. Be3
Qxb3 9. axb3 a6 10. Nc3 Nbd7 11. Rfc1 Bh7 12. Bh3 Be7 13. cxd5 exd5 14. Na4 O-O
15. Bd4 Rfe8 16. Kf1 Bd6 17. Nc5 Nxc5 18. Bxc5 Bxc5 19. Rxc5 Re7 20. Nd4 Ne8 21.
Rc3 Kf8 22. Ke1 Rc7 23. Kd2 Rd8 24. Rc5 Rd6 25. b4 Re7 26. f4 Nc7 27. Rac1 Ne8
28. Bf5 g6 29. Bh3 Nc7 30. R5c3 Na8 31. Rf1 Rf6 32. f5 g5 33. g4 Nb6 34. Bg2 Nd7
35. Bf3 Ne5 36. h3 Bg8 37. Rcc1 Kg7 1/2-1/2

[Event "PRO League Group Stage"]
[Site "chess.com INT"]
[Date "2017.02.11"]
[Round "5"]
[White "Feuerstack, Aljoscha"]
[Black "Sheng, Joshua"]
[Result "1/2-1/2"]
[WhiteTitle "IM"]
[BlackTitle "IM"]
[WhiteElo "2449"]
[BlackElo "2372"]
[WhiteTeam "Hamburg Swashbucklers"]
[BlackTeam "San Diego Surfers"]
[WhiteFideId "4681932"]
[BlackFideId "2057360"]
[EventDate "2017.01.11"]

1. e4 e5 2. Nf3 Nc6 3. d4 exd4 4. Nxd4 Nf6 5. Nc3 Bb4 6. Nxc6 bxc6 7. Bd3 O-O 8.
O-O d5 9. exd5 cxd5 10. Qf3 c6 11. h3 Re8 12. Bf4 Qe7 13. a3 Bd6 14. Na4 Bd7 15.
b4 a5 16. Bxd6 Qxd6 17. Nc5 axb4 18. axb4 Be6 19. c3 Nd7 20. Na6 c5 21. Qg3 Qxg3
22. fxg3 Rec8 23. Nxc5 Rxa1 24. Rxa1 Nxc5 25. bxc5 Rxc5 26. Ra8+ Rc8 27. Rxc8+
Bxc8 28. Kf2 Kf8 29. Ke3 Ke7 30. Kd4 Kd6 31. Bxh7 g6 32. g4 Ke7 33. Ke5 f6+ 34.
Kxd5 Kf7 35. Ke4 Bb7+ 36. Kf4 Bxg2 37. g5 Bxh3 38. Bxg6+ Kxg6 39. gxf6 Kxf6 40.
c4 Ke6 41. c5 Kd5 42. c6 Kxc6 1/2-1/2

[Event "PRO League Group Stage"]
[Site "chess.com INT"]
[Date "2017.02.11"]
[Round "5"]
[White "Anwesh, Upadhyaya"]
[Black "Flores Rios, Mauricio"]
[Result "1/2-1/2"]
[WhiteTitle "IM"]
[BlackTitle "GM"]
[WhiteElo "2384"]
[BlackElo "2529"]
[WhiteTeam "Odisha Express"]
[BlackTeam "Minnesota Blizzard"]
[WhiteFideId "5028949"]
[BlackFideId "3408027"]
[EventDate "2017.01.11"]

1. e4 c5 2. Nf3 e6 3. d4 cxd4 4. Nxd4 Nc6 5. Nc3 Qc7 6. Be3 a6 7. Bd3 Nf6 8. O-O
Nxd4 9. Bxd4 Bc5 10. Bxc5 Qxc5 11. Na4 Qc7 12. c4 d6 13. Qe2 O-O 14. Rac1 b6 15.
Rfd1 Bb7 16. b3 Rac8 17. Qe3 Nd7 18. Bb1 Rfd8 19. Nc3 g6 20. Ne2 Qc5 21. Qd2 Nf6
22. Qf4 Kg7 23. Rc3 h6 24. h3 Qe5 25. f3 Qc5+ 26. Qe3 Qc7 27. Rcd3 d5 28. cxd5
exd5 29. e5 Nd7 30. e6 Nc5 31. Rc3 Qe7 32. exf7 Qxe3+ 33. Rxe3 Kxf7 34. Nd4 Re8
35. Kf2 Rxe3 36. Kxe3 Re8+ 37. Kf2 Ne6 38. Nxe6 Rxe6 39. h4 Kf6 40. Bd3 b5 41.
Rc1 Bc6 42. g3 Ke7 43. Re1 g5 44. hxg5 Rxe1 45. Kxe1 hxg5 46. Kd2 Kd6 1/2-1/2

[Event "PRO League Group Stage"]
[Site "chess.com INT"]
[Date "2017.02.11"]
[Round "5"]
[White "Bernotas, Arturs"]
[Black "Li, Ruifeng"]
[Result "1/2-1/2"]
[WhiteTitle "FM"]
[BlackTitle "IM"]
[WhiteElo "2332"]
[BlackElo "2564"]
[WhiteTeam "Riga Magicians"]
[BlackTeam "Dallas Destiny"]
[WhiteFideId "11601426"]
[BlackFideId "2061074"]
[EventDate "2017.01.11"]

1. e4 c5 2. Nf3 d6 3. Bb5+ Nd7 4. d4 cxd4 5. Qxd4 e5 6. Qd3 a6 7. Bxd7+ Bxd7 8.
c4 b5 9. Nc3 Qb8 10. O-O h6 11. Rd1 Nf6 12. Ne1 Be7 13. Nc2 bxc4 14. Qxc4 O-O
15. Ne3 Rc8 16. Qd3 Be6 17. b3 Qb7 18. Ncd5 Nxd5 19. Nxd5 Bxd5 20. Qxd5 Qxd5 21.
Rxd5 Rc2 22. Ba3 Rac8 23. g3 R8c6 24. Kf1 f6 25. Bb4 Kf7 26. Rd2 d5 27. Rxc2
Rxc2 28. Bxe7 Kxe7 29. exd5 Kd6 30. b4 Rb2 31. a3 Rb3 32. Rc1 Rxa3 33. Rc5 Ra4
34. h4 h5 35. Kg2 e4 36. Kf1 Ra2 37. Rc6+ Kxd5 38. Rc5+ Kd4 39. Rxh5 e3 40.
fxe3+ Kxe3 41. Rf5 Rb2 42. Rf4 Rd2 43. Rf5 Rb2 44. Rf4 Rd2 45. Rf5 Ke4 46. Rf4+
Kd3 47. Rg4 Kc3 48. Rxg7 Kxb4 49. Rb7+ Kc5 50. Rf7 Rd6 51. h5 Kd5 52. h6 Ke6 53.
h7 Rd8 54. Ra7 Rh8 55. Rxa6+ Kf7 56. Ra7+ Kg6 57. Kf2 Rxh7 58. Rxh7 Kxh7 59. Kf3
Kg6 60. Kf4 f5 61. g4 fxg4 62. Kxg4 1/2-1/2

[Event "PRO League Group Stage"]
[Site "chess.com INT"]
[Date "2017.02.11"]
[Round "5"]
[White "Astaneh Lopez, Alex"]
[Black "Mukumbya, Benjamin"]
[Result "1-0"]
[WhiteTitle "IM"]
[WhiteElo "2417"]
[BlackElo "1901"]
[WhiteTeam "Dublin Desperados"]
[BlackTeam "Seattle Sluggers"]
[WhiteFideId "2501430"]
[BlackFideId "10001115"]
[EventDate "2017.01.11"]

1. d4 Nf6 2. Nf3 e6 3. c4 b6 4. Nc3 Bb7 5. Bg5 Be7 6. e3 O-O 7. Bd3 d6 8. O-O
Nbd7 9. Qc2 c5 10. d5 e5 11. Nd2 Re8 12. Bf5 h6 13. Bxd7 Nxd7 14. Bxe7 Qxe7 15.
a4 a5 16. Nb5 Rf8 17. Ne4 Nf6 18. Nexd6 Ba6 19. Nf5 Qd7 20. e4 Bxb5 21. axb5 Ne8
22. Ra3 Nd6 23. Ng3 Qg4 24. h3 Qh4 25. Re1 g6 26. Nf1 Rae8 27. Rg3 Kg7 28. Nd2
Qd8 29. Qc3 Kh7 30. Rge3 Qe7 31. Nf1 Ra8 32. Kh2 Ra7 33. g3 f6 34. f4 Qg7 35.
Nd2 Re7 36. Nf3 Rfe8 37. Qd3 Kg8 38. Kg2 Rf7 39. Rf1 Ref8 40. Nd2 Kh7 41. h4 h5
42. fxe5 fxe5 43. Nf3 Kg8 44. Ree1 Rf6 45. b3 R6f7 46. Ng5 Rxf1 47. Rxf1 Rxf1
48. Qxf1 Qe7 49. Qf3 Kg7 50. g4 Qf6 51. gxh5 Qxf3+ 52. Nxf3 Nxe4 53. hxg6 Kxg6
54. Nxe5+ Kf5 55. Nd7 Nd2 56. Nxb6 Nxb3 57. Na4 Ke5 58. b6 Kd6 59. h5 Nd4 60. h6 1-0

[Event "PRO League Group Stage"]
[Site "chess.com INT"]
[Date "2017.02.11"]
[Round "5"]
[White "Bacrot, Etienne"]
[Black "Rosenthal, Nicholas"]
[Result "1/2-1/2"]
[WhiteTitle "GM"]
[WhiteElo "2695"]
[BlackElo "2156"]
[WhiteTeam "Marseille Migraines"]
[BlackTeam "St Louis Arch Bishops"]
[WhiteFideId "605506"]
[BlackFideId "2045150"]
[EventDate "2017.01.11"]

1. d4 e6 2. Nf3 d5 3. c4 c6 4. Qc2 f5 5. Bf4 Nf6 6. e3 Bd6 7. Bxd6 Qxd6 8. Bd3
O-O 9. Nbd2 Ne4 10. Qb3 Nd7 11. cxd5 Nxd2 12. Nxd2 exd5 13. O-O Nf6 14. f4 Re8
15. Rae1 Bd7 16. Nf3 b6 17. Ne5 c5 18. dxc5 bxc5 19. Nxd7 Nxd7 20. Bxf5 Nf6 21.
Qc3 Rab8 22. Rd1 Qb6 23. Rd2 g6 24. Bb1 Ng4 25. Rxd5 Nxe3 26. Rd7 Qxb2 27. Qxb2
Rxb2 28. Re1 Rxg2+ 29. Kh1 Rf2 30. f5 Rxh2+ 31. Kxh2 Ng4+ 32. Kg3 Rxe1 33. fxg6
hxg6 1/2-1/2

[Event "PRO League Group Stage"]
[Site "chess.com INT"]
[Date "2017.02.11"]
[Round "5"]
[White "Barbosa, Oliver"]
[Black "Vaibhav, Suri"]
[Result "1/2-1/2"]
[WhiteTitle "GM"]
[BlackTitle "GM"]
[WhiteElo "2518"]
[BlackElo "2552"]
[WhiteTeam "New York Knights"]
[BlackTeam "Delhi Dynamite"]
[WhiteFideId "5201640"]
[BlackFideId "5045185"]
[EventDate "2017.01.11"]

1. d4 Nf6 2. Nf3 e6 3. c4 b6 4. a3 Bb7 5. Nc3 Be7 6. d5 d6 7. e4 e5 8. Be2 O-O
9. O-O c6 10. Be3 Nbd7 11. Nd2 Rc8 12. Rc1 Qc7 13. b4 Qb8 14. Qb3 a6 15. dxc6
Bxc6 16. Nd5 Nxd5 17. cxd5 Bb7 18. Bg4 Rxc1 19. Rxc1 Nf6 20. Be2 Rc8 21. Rc3
Rxc3 22. Qxc3 Bd8 23. f3 Qc7 24. Qxc7 Bxc7 25. a4 Kf8 26. Nc4 Nd7 27. g3 f5 28.
Bd3 Kf7 29. Nd2 fxe4 30. fxe4 Ke7 31. Kg2 Bc8 32. h3 h6 33. Nc4 a5 34. bxa5 bxa5
35. g4 Ba6 36. Nxe5 dxe5 37. Bxa6 Bb6 38. Kf3 Bxe3 39. Kxe3 Nb6 40. Bb5 g5 41.
Kd3 Kd6 42. Kc3 Kc5 1/2-1/2

[Event "PRO League Group Stage"]
[Site "chess.com INT"]
[Date "2017.02.11"]
[Round "5"]
[White "Li, Beilin"]
[Black "Lapite, Oluwadurotimi"]
[Result "1-0"]
[WhiteElo "1780"]
[BlackElo "2067"]
[WhiteTeam "Pittsburgh Pawngrabbers"]
[BlackTeam "Lagos Leatherbacks"]
[WhiteFideId "30930952"]
[BlackFideId "8503648"]
[EventDate "2017.01.11"]

1. e4 c6 2. c4 d5 3. cxd5 cxd5 4. exd5 Nf6 5. Nc3 Nxd5 6. Nf3 Nc6 7. Bc4 Nxc3 8.
bxc3 e6 9. O-O Be7 10. d4 O-O 11. Re1 Bd7 12. Bd3 Rc8 13. h4 Bxh4 14. Nxh4 Qxh4
15. Re3 e5 16. d5 Ne7 17. Rxe5 Ng6 18. Re4 Qf6 19. Bb2 Bf5 20. Rb4 Bxd3 21. Qxd3
Ne5 22. Qg3 Nc4 23. Bc1 b6 24. Bf4 Qf5 25. Rd1 Rfd8 26. d6 Qc2 27. Rd4 Na5 28.
Be5 Qg6 29. Qxg6 hxg6 30. d7 Rxc3 31. Rd1 Nc6 32. Bxc3 Nxb4 33. Bxb4 f6 34. Be7 1-0

[Event "PRO League Group Stage"]
[Site "chess.com INT"]
[Date "2017.02.11"]
[Round "5"]
[White "Li, Beilin"]
[Black "Reshef, Omer"]
[Result "0-1"]
[BlackTitle "IM"]
[WhiteElo "1780"]
[BlackElo "2461"]
[WhiteTeam "Pittsburgh Pawngrabbers"]
[BlackTeam "Lagos Leatherbacks"]
[WhiteFideId "30930952"]
[BlackFideId "2804336"]
[EventDate "2017.01.11"]

1. e4 c5 2. Nc3 Nc6 3. g3 g6 4. Bg2 Bg7 5. d3 e6 6. Be3 Nd4 7. Nce2 Nxe2 8. Nxe2
Bxb2 9. Rb1 Bg7 10. Bxc5 d6 11. Bb4 Ne7 12. O-O O-O 13. f4 Qc7 14. Qd2 Rb8 15.
c4 b5 16. cxb5 Rxb5 17. a4 Rb7 18. e5 d5 19. Bd6 Qd7 20. Rxb7 Bxb7 21. Rc1 Rc8
22. Rxc8+ Nxc8 23. Qb4 Nxd6 24. Qxd6 Qxd6 25. exd6 Bc6 26. Nc3 Bxc3 0-1

[Event "PRO League Group Stage"]
[Site "chess.com INT"]
[Date "2017.02.11"]
[Round "5"]
[White "Cheng, Bindi"]
[Black "Ansell, Simon T"]
[Result "1/2-1/2"]
[WhiteTitle "IM"]
[BlackTitle "IM"]
[WhiteElo "2397"]
[BlackElo "2349"]
[WhiteTeam "Toronto Dragons"]
[BlackTeam "London Towers"]
[WhiteFideId "2682249"]
[BlackFideId "402141"]
[EventDate "2017.01.11"]

1. d4 d5 2. c4 c6 3. cxd5 cxd5 4. Nc3 Nf6 5. Bf4 Nc6 6. e3 a6 7. Rc1 Qb6 8. Bd3
g6 9. Bg5 Bg7 10. Bxf6 Bxf6 11. Nxd5 Qa5+ 12. Nc3 O-O 13. Nf3 e5 14. d5 Ne7 15.
e4 Bd7 16. O-O Nc8 17. Nd2 Nd6 18. Nc4 Nxc4 19. Bxc4 Rac8 20. Bb3 Rfd8 21. Qf3
Bg5 22. Rcd1 Be8 23. d6 Rd7 24. Rd5 Qd8 25. Rxe5 Rxd6 26. Qg3 Be7 27. Nd5 Bf8
28. Rxe8 Qxe8 29. Qxd6 Bxd6 30. Nf6+ Kg7 31. Nxe8+ Rxe8 32. Rd1 Rxe4 33. Kf1 Bc5
34. Rd7 Re7 35. Rxe7 1/2-1/2

[Event "PRO League Group Stage"]
[Site "chess.com INT"]
[Date "2017.02.11"]
[Round "5"]
[White "Abdilkhair, Abilmansur"]
[Black "Hungaski, Robert Andrew"]
[Result "1/2-1/2"]
[BlackTitle "GM"]
[WhiteElo "1990"]
[BlackElo "2488"]
[WhiteTeam "Shymkent Nomads"]
[BlackTeam "Patagonia Penguins"]
[WhiteFideId "13716417"]
[BlackFideId "2021030"]
[EventDate "2017.01.11"]

1. Nf3 f5 2. e4 fxe4 3. Ng5 Nf6 4. d3 d5 5. dxe4 Nxe4 6. Nxe4 dxe4 7. Qh5+ g6 8.
Qe5 Rg8 9. Bc4 Bg7 10. Qxe4 Rf8 11. O-O Qd4 12. Qxd4 Bxd4 13. c3 Bb6 14. Nd2 Nc6
15. Nf3 Bg4 16. Bh6 Rf6 17. Ng5 Ne5 18. Bb5+ c6 19. Rae1 Rf5 20. Ba4 Nd3 21. Bc2
Bxf2+ 22. Rxf2 Nxe1 23. Bxf5 Bxf5 24. g4 Nd3 25. Rf1 Bc8 26. Rf8+ Kd7 27. Nxh7
a5 28. b3 a4 29. b4 c5 30. b5 a3 31. h3 Ra5 32. c4 Ra4 33. Rf3 Ne5 34. Re3 Nxc4
35. Nf8+ Ke8 36. Re1 Nd2 37. Bxd2 Kxf8 38. Bg5 e6 39. Rc1 Bd7 40. Rxc5 Rb4 41.
Bc1 Rb1 42. Rc2 Bxb5 43. Kf2 Bc6 44. Bxa3+ Kf7 45. Kg3 e5 46. Kh4 Rh1 47. Kg5
Rxh3 48. Bc5 Ke6 49. Rd2 Bd5 50. Kxg6 Rc3 51. Bb6 Rc6 52. Rb2 Rc8 53. Kh5 Rh8+
54. Kg5 Rg8+ 55. Kh4 Bc6 56. Rf2 Kd5 57. g5 Rh8+ 58. Kg3 Ke4 59. Rf6 Ra8 60. g6
Bd5 61. a3 Rxa3+ 62. Kh4 Ra2 63. Kg5 Rg2+ 64. Kh5 Kd3 65. Rd6 Kc4 66. Rd7 Bf3+
67. Kh6 Be4 68. g7 Rg6+ 69. Kh5 Rg2 70. Kh6 Bd5 71. Kh7 e4 72. Kh6 Rh2+ 73. Kg6
Rg2+ 74. Kf6 Bc6 75. Rd8 Bd5 76. Be3 Rg3 77. Bh6 Rf3+ 78. Ke5 Bf7 79. Rf8 e3 80.
g8=Q Bxg8 81. Rxf3 e2 82. Re3 Bh7 83. Rxe2 b5 84. Rb2 b4 85. Bd2 b3 86. Kd6 Bc2
87. Kc6 Kd3 88. Bh6 Kc3 89. Bg7+ Kc4 90. Kb6 Kb4 91. Kc6 Kc4 92. Kd6 Kd3 93. Ke5
Kc3 94. Kf4+ Kd3 95. Kf3 Kd2 96. Bh6+ Kd3 97. Kf2 Kc3 98. Bc1 Kd3 99. Ke1 Kc3
100. Ke2 Kc4 101. Kd2 Kd4 102. Ke2 Kc3 103. Ke1 Kd3 104. Bg5 Kc3 105. Bf6+ Kd3
106. Bg7 Ke3 107. Bc3 Kd3 108. Bd2 Ke4 109. Ke2 Kd4 110. Be1 Kc4 111. Kd2 Kd4
112. Bf2+ Kc4 113. Bg1 Kb4 114. Bb6 Kc4 115. Ba5 Kd4 116. Bc3+ Kc4 117. Be5 Kb4
118. Bd6+ Kc4 119. Bf8 Kd4 120. Bg7+ Kc4 121. Bh8 Kb4 122. Bd4 Kc4 123. Ke3 Kb4
124. Bg7 Kc4 125. Bh8 Kb4 126. Kd4 Kb5 127. Kd5 Kb4 128. Bd4 Kb5 129. Bc3 Kb6
130. Bd4+ Kb5 131. Bc5 Ka5 132. Kc4 Ka6 133. Kb4 Kb7 134. Kb5 Kc7 135. Bb6+ Kd7
136. Kc5 Ke6 137. Bc7 Kd7 138. Bd6 Ke6 139. Kc6 Kf5 140. Kd5 Be4+ 141. Kd4 Bc2
142. Kd5 Be4+ 143. Kc4 Bc2 144. Bb4 1/2-1/2

[Event "PRO League Group Stage"]
[Site "chess.com INT"]
[Date "2017.02.11"]
[Round "5"]
[White "Abdilkhair, Abilmansur"]
[Black "Torres, Federico"]
[Result "1-0"]
[WhiteElo "1990"]
[BlackElo "2158"]
[WhiteTeam "Shymkent Nomads"]
[BlackTeam "Patagonia Penguins"]
[WhiteFideId "13716417"]
[BlackFideId "133019"]
[EventDate "2017.01.11"]

1. Nf3 Nf6 2. g3 d5 3. Bg2 e6 4. O-O Be7 5. d3 O-O 6. Nbd2 Nbd7 7. e4 dxe4 8.
dxe4 e5 9. b3 Re8 10. Bb2 Bf8 11. Re1 c6 12. Nc4 Qc7 13. a4 b6 14. Bh3 Bb7 15.
Qd2 Rad8 16. Rad1 Nc5 17. Qc1 Ncd7 18. Qa1 b5 19. axb5 cxb5 20. Ncxe5 Nxe5 21.
Bxe5 Rxd1 22. Rxd1 Qxc2 23. Bxf6 gxf6 24. Rd7 Qxe4 25. Bg2 Bc5 26. Qxf6 Bd5 27.
Qg5+ Kh8 28. Qxd5 Bxf2+ 29. Kxf2 Qe3+ 30. Kf1 Qe2+ 31. Kg1 Qe3+ 32. Kh1 1-0

[Event "PRO League Group Stage"]
[Site "chess.com INT"]
[Date "2017.02.11"]
[Round "5"]
[White "Giannatos, Peter"]
[Black "Dhulipalla, Bala Chandra Prasad"]
[Result "1/2-1/2"]
[WhiteElo "2284"]
[BlackElo "2353"]
[WhiteTeam "Carolina Cobras"]
[BlackTeam "Amaravati Yodhas"]
[WhiteFideId "2041650"]
[BlackFideId "25005812"]
[EventDate "2017.01.11"]

1. d4 Nc6 2. Nf3 d5 3. Bf4 Bg4 4. e3 e6 5. Bb5 Bd6 6. Bg3 Ne7 7. Nbd2 a6 8. Be2
O-O 9. c4 dxc4 10. Nxc4 Bb4+ 11. Ncd2 Nf5 12. a3 Nxg3 13. hxg3 Be7 14. Rc1 h6
15. O-O Qd5 16. Nc4 Bf6 17. Nh2 Bxe2 18. Qxe2 g6 19. Ng4 Bg7 20. Rfd1 Rfd8 21.
b4 a5 22. Nce5 Nxe5 23. dxe5 Qb3 24. Qf3 c6 25. Rb1 Qxa3 26. bxa5 Rxd1+ 27. Rxd1
Qxa5 28. Rd7 Rf8 29. Rxb7 Qd5 30. Rc7 h5 31. Nf6+ Bxf6 32. exf6 Qxf3 33. gxf3 g5
34. e4 Kh7 35. Rxc6 Kg6 36. e5 Kf5 37. Rc5 Rd8 38. Kg2 Rd7 39. Ra5 Rd8 40. Ra7
Rf8 41. Ra5 Rd8 42. Kf1 Rd5 43. Ra7 Kg6 44. f4 gxf4 45. gxf4 Rd4 46. Kg2 Rxf4
47. Kg3 Re4 48. f4 h4+ 49. Kg4 h3 50. Ra2 h2 51. Rxh2 Rxf4+ 52. Kxf4 1/2-1/2

[Event "PRO League Group Stage"]
[Site "chess.com INT"]
[Date "2017.02.11"]
[Round "5"]
[White "Giannatos, Peter"]
[Black "Toshali, V"]
[Result "0-1"]
[WhiteElo "2284"]
[BlackElo "1797"]
[WhiteTeam "Carolina Cobras"]
[BlackTeam "Amaravati Yodhas"]
[WhiteFideId "2041650"]
[BlackFideId "5072611"]
[EventDate "2017.01.11"]

1. e4 Nc6 2. Nf3 d6 3. d4 Nf6 4. Nc3 Bg4 5. d5 Nb8 6. Bd3 g6 7. h3 Bxf3 8. Qxf3
Bg7 9. O-O Nbd7 10. Qe2 O-O 11. f4 c6 12. dxc6 bxc6 13. e5 dxe5 14. fxe5 Nd5 15.
e6 N7f6 16. Bd2 Kh8 17. Rae1 Qb6+ 18. Qf2 Qxb2 19. Rb1 Qa3 20. Rb3 Qd6 21. exf7
Rxf7 22. Qh4 Kg8 23. Ne2 Raf8 24. c4 Nc7 25. Bf4 e5 26. Bg3 Ne6 27. Kh2 Nc5 28.
Rd1 Nxb3 29. axb3 Qe7 30. Nc3 Nh5 31. c5 Nxg3 32. Qxe7 Rxe7 33. Kxg3 e4 34. Nxe4
Be5+ 35. Kg4 Rf4+ 36. Kg5 Rf5+ 37. Kg4 h6 38. h4 Bd4 39. Bc4+ Kg7 40. Rxd4 h5+
41. Kg3 Rfe5 42. Ng5 Kf6 43. Rd6+ Kg7 44. Rxc6 Re3+ 45. Kh2 Rc3 46. Rd6 Kh6 47.
c6 Rc7 48. Bd3 R7xc6 49. Rxc6 Rxc6 50. Bc4 Rf6 51. Kg3 Rb6 52. Nf3 Kg7 53. Ne5
Rd6 54. Kf3 Kf6 55. Nd3 g5 56. hxg5+ Kxg5 57. Nc5 Rc6 58. Ne4+ Kf5 59. Ng3+ Kg5
60. Ne4+ Kf5 61. g3 a5 62. Nc3 Ke5 63. Ke3 Rg6 64. Ne2 Rg4 65. Kf3 a4 66. Nf4 a3
67. b4 Kd4 68. Be6 Rg5 69. Bf7 Kc3 70. Ke4 Kxb4 71. Nxh5 a2 72. Bxa2 Rxh5 73.
Kf4 Rh8 74. Be6 Kc5 75. g4 Kd6 76. Bf5 Rh4 77. Kg5 Rh1 78. Kf6 Rh6+ 79. Bg6 Rh8
80. g5 Rf8+ 81. Kg7 Rf4 82. Bf7 Ke7 83. g6 Rh4 84. Kg8 Rf4 85. Kg7 Rh4 86. Kg8
Kf6 87. Kf8 Rh8+ 88. Bg8 Kxg6 0-1

[Event "PRO League Group Stage"]
[Site "chess.com INT"]
[Date "2017.02.11"]
[Round "5"]
[White "Sadhwani, Raunak"]
[Black "Lenderman, Aleksandr"]
[Result "1/2-1/2"]
[WhiteTitle "CM"]
[BlackTitle "GM"]
[WhiteElo "2218"]
[BlackElo "2573"]
[WhiteTeam "Mumbai Movers"]
[BlackTeam "Montclair Sopranos"]
[WhiteFideId "35093487"]
[BlackFideId "2021285"]
[EventDate "2017.01.11"]

1. e4 e6 2. d4 d5 3. exd5 exd5 4. Bd3 c5 5. dxc5 Bxc5 6. Nf3 Nf6 7. O-O O-O 8.
Nbd2 h6 9. Nb3 Bb6 10. h3 Qc7 11. c3 Nc6 12. Nbd4 Nxd4 13. Nxd4 Bxd4 14. cxd4
Qb6 15. b3 Re8 16. Be3 Bd7 17. Qd2 Bb5 18. Bxb5 Qxb5 19. Rac1 Ne4 20. Qb2 Qd7
21. Rc2 Rac8 22. Rfc1 Rxc2 23. Qxc2 b6 24. Qc7 Re7 25. Qxd7 Rxd7 26. f3 Nd6 27.
Kf2 f6 28. g4 Nb5 29. a4 Nc7 30. h4 Kf7 31. h5 Ke7 32. Bf4 Ne6 33. Ke3 Rd8 34.
Bg3 Kd7 35. Kd3 Rf8 36. Ke3 Rg8 37. Rc2 Re8 38. Kd3 Rf8 39. Ke3 f5 40. Be5 a6
41. b4 fxg4 42. fxg4 Rf1 43. Rf2 Rxf2 44. Kxf2 b5 45. axb5 axb5 46. Ke3 Ke7 47.
Kd3 Kf7 48. Ke3 Nd8 49. Kd3 Nc6 50. Kc3 g6 51. Bf4 Kg7 52. Be5+ Kf7 53. Bf4 Kg7
54. Be5+ Kh7 55. Bf6 Nb8 56. Kd3 Nd7 57. Be7 Kg7 58. Ke3 Kf7 59. Bd8 gxh5 60.
gxh5 Nb8 61. Bc7 Nc6 62. Bf4 Kg7 63. Be5+ Kh7 64. Bd6 Kg8 65. Bf4 Kg7 66. Be5+
Kf7 67. Bf4 Ne7 68. Kf3 Kg7 69. Be5+ Kf7 70. Bf4 Nf5 71. Kg4 Ke6 72. Bd2 Kf6 73.
Bf4 Ke6 74. Bd2 Kf6 75. Bf4 Ke6 76. Bd2 Kf6 1/2-1/2